Yleistieto #9 - Statistics

Yleistilastot
  • Tätä visaa on pelattu 1 749 kertaa
  • Keskiarvotulos 9 / 15
Vastaustilastot
Vinkki Vastaus % Oikein
Kuka Suomen presidentti kuoli 2017? Mauno Koivisto
94%
Mikä on Tampereen ruotsinkielinen nimi? Tammerfors
91%
Kuka oli Neuvostoliiton johtaja toisen maailmansodan aikaan? Josef Stalin
85%
Minkä autonvalmistajan mallin nimi on Mustang? Fordin
78%
Mikä sisäelin on pancreas latinaksi? Haima
70%
Minkä yhtyeen laulaja on Lauri Ylönen? The Rasmuksen
68%
Kuka voitti Formula 1 maailmanmestaruuden 2017? Lewis Hamilton
65%
Mille maalle kuuluu Javan saari? Indonesialle
56%
Missä kaupungissa pidettiin olympialaiset vuonna 1936? Berliinissä
50%
Kuka on maalannut teoksen "Huuto"? Edvard Munch
48%
Missä Yhdysvaltojen osavaltiossa on Chicago? Illinoisissa
46%
Kuka sävelsi oopperan "Taikahuilu"? W. A. Mozart
45%
Minkä maalainen tiedemies oli Nicholas Copernicus Puolalainen
37%
Mikä on Gotlannin suurin kaupunki? Visby
35%
Mistä kaupunkivaltiosta Marco Polo oli kotoisin? Venetsiasta
32%
Ehtoja vastaavia visoja ei löytynyt
Tulosjakauma
Jokaisen tuloksen saaneiden osuus
Persentiili vastausten määrän mukaan
Tuloshistoriasi
Et ole pelannut tätä visaa